|
|
|
|
| LEADER |
00000cam a2200000 7i4500 |
| 001 |
0000016633 |
| 005 |
20080428.0 |
| 008 |
080428 |
| 020 |
|
|
|a 0754815188
|
| 090 |
0 |
0 |
|a 758.1
|b MCH
|
| 100 |
1 |
|
|a Mchoy, Peter
|
| 245 |
1 |
0 |
|a Garden planning & garden design :
|b 500 ideas & professional plans for fantastic, easy garden improvement
|c Peterc Mchoy & Tessa Evelegh
|
| 260 |
|
|
|a London :
|b Lorenz Books ,
|c 2006
|
| 650 |
|
0 |
|a Decorating
|x Garden planning
|
| 650 |
|
0 |
|a Decoration
|x Landscapes arts
|
| 700 |
1 |
|
|a Evelegh, Tessa
|
| 740 |
0 |
|
|a Garden planning and garden design
|
| 999 |
|
|
|a 0001013986
|b Book
|c REFERENCE
|e Perbadanan Perpustakaan Awam Johor
|